000 00497nmm a2200169Ia 4500
008 251105s9999||||xx |||||||||||||||||und||
020 _a9788499215983
041 _aspa
100 _aOyarzábal Smith, Isabel
245 0 _aEl alma del niño : Ensayos de psicología infantil
264 _a[Madrid, España] :
_bOctaedro,
_c2015
300 _a184 páginas
490 _aHorizontes-Educación
650 _aPsychology
856 _uhttps://public.digitaliapublishing.com/a/41976
942 _cCF
999 _c92521
_d92521